| 000 | 01503cam a2200349 a 4500 | ||
|---|---|---|---|
| 999 |
_c332226 _d332226 |
||
| 001 | 2088562 | ||
| 003 | NUST | ||
| 005 | 20171120122915.0 | ||
| 008 | 950714s1996 nyua b 001 0 eng | ||
| 010 | _a 95035279 | ||
| 020 | _a0471612952 (cloth : alk. paper) | ||
| 040 |
_aDLC _cDLC _dDLC |
||
| 050 | 0 | 0 |
_aQD31.2 _b.T47 1996 |
| 082 | 0 | 0 |
_a628.50154 THI _220 |
| 100 | 1 |
_aThibodeaux, Louis J. _96570 |
|
| 245 | 1 | 0 |
_aEnvironmental chemodynamics : _bmovement of chemicals in air, water, and soil / _cLouis J. Thibodeaux. |
| 250 | _a2nd ed. | ||
| 260 |
_aNew York : _bWiley, _cc1996. |
||
| 300 |
_axx, 593 p. : _bill. ; _c25 cm. |
||
| 440 | 0 |
_aEnvironmental science and technology _95002 |
|
| 500 | _aRev. ed. of: Chemodynamics. c1979. | ||
| 500 | _a"A Wiley-Interscience publication." | ||
| 501 | _aH.B | ||
| 504 | _aIncludes bibliographical references and index. | ||
| 650 | 0 |
_aEnvironmental chemistry. _9441 |
|
| 700 | 1 |
_aThibodeaux, Louis J. _tChemodynamics. _96571 |
|
| 856 | 4 | 2 |
_3Contributor biographical information _uhttp://www.loc.gov/catdir/bios/wiley047/95035279.html |
| 856 | 4 | 2 |
_3Publisher description _uhttp://www.loc.gov/catdir/description/wiley032/95035279.html |
| 856 | 4 |
_3Table of Contents _uhttp://www.loc.gov/catdir/toc/onix02/95035279.html |
|
| 906 |
_a7 _bcbc _corignew _d1 _eocip _f19 _gy-gencatlg |
||
| 942 |
_2ddc _cBK _kIESE |
||